| 000 | 00493nam a2200193 a 4500 | ||
|---|---|---|---|
| 001 | BRCA_2892 | ||
| 005 | 20190320204022.0 | ||
| 008 | 111208s1961----nyua---###---#000-0#eng-# | ||
| 050 | 4 |
_aRM222.2 _b.T35 1961 |
|
| 100 | 1 |
_aTaller, Herman _98056 |
|
| 245 | 1 | 0 |
_aCalories don“t count _cHerman Taller. |
| 260 |
_aNew York _bSimon and Schuster _c1961 |
||
| 300 |
_a192 p. _bil. _c22 cm. |
||
| 500 | _aAA37 | ||
| 650 | 1 | 4 |
_aDieta _98057 |
| 650 | 1 | 4 |
_aObesidad _98058 |
| 902 | _aGFM | ||
| 942 |
_2lcc _cB |
||
| 999 |
_c2631 _d2631 |
||